Návrh databázovej aplikácie v prostredí e-shop

Guardado en:
Detalles Bibliográficos
Autor principal: Lušťoň, Peter (Autor)
Otros Autores: Jánošík, Ján (Orientador)
Formato: Manuscrito Libro
Lenguaje:eslovaco
Publicado: 2017
Materias:
Acceso en línea:http://is.stuba.sk/zp/portal_zp.pl?podrobnosti=115130
Etiquetas: Agregar Etiqueta
Sin Etiquetas, Sea el primero en etiquetar este registro!

MARC

LEADER 00000ntm a22000003a 4500
001 stuzp61059
003 SK-STU
005 20170701210441.6
007 ta
008 150427s2015----xo-----f-mn---000-0-slo-d
040 |a STU  |b slo 
041 0 |a slo 
100 1 |a Lušťoň, Peter  |u 066000  |4 aut  |U MTF Materiálovotechnologická fakulta  |T MTF Ústav aplikovanej informatiky, automatizácie a mechatroniky  |X 73466  |U M6000  |Y 86  |7 73466 
242 0 1 |a Design of a database application in the e-shop environment  |y eng 
245 1 0 |a Návrh databázovej aplikácie v prostredí e-shop 
260 |c 2017 
650 4 |a PHP  |2 slo 
650 4 |a UML  |2 slo 
650 4 |a MySQL  |2 slo 
650 4 |a e-shop  |2 slo 
650 4 |a e-shop  |2 eng 
650 4 |a PHP  |2 eng 
650 4 |a UML  |2 eng 
650 4 |a MySQL  |2 eng 
700 1 |a Jánošík, Ján  |u 066000  |k Z3  |4 ths  |U MTF Materiálovotechnologická fakulta  |T MTF Ústav aplikovanej informatiky, automatizácie a mechatroniky  |X 48468  |U M6000  |Y 86  |7 A000048468 
856 4 |u http://is.stuba.sk/zp/portal_zp.pl?podrobnosti=115130 
996 |c M* BP-8018  |l MMSKP  |s P  |a 0  |w stuzp61059_0001